000 00838nmm a2200277 a 4500
001 ocm000552564
003 TR-IsHL
005 20201028130655.0
008 131010s2002 tu tur
007 cr cn
020 _a9789754540505
035 _a552564
_b(N$T)
050 0 4 _aPL248.M44
_bS5 2002
090 0 4 _aPL248.M44
_bS5 2002
100 1 _aMehmet Rauf
245 1 0 _aSiyah inciler
_h[electronic resource] /
_cMehmet Rauf
250 _a1. bs.
260 _aİstanbul :
_bÇağrı Yayınları,
_c2002
300 _a196 p.
650 4 _aDil ve Edebiyat
650 4 _aLanguage and Literature
650 0 _aTürk denemeleri
650 0 _aTurkish essays
650 7 _aLITERARY COLLECTIONS / Middle Eastern
_2bisacsh
856 4 0 _uhttp://search.ebscohost.com/login.aspx?direct=true&scope=site&db=e011xww&AN=552564
999 _c4150
_d4150